[Event "Tournoi francophone 017"]
[Site "Skype"]
[Date "????.??.??"]
[Round "1.1"]
[White "Deville, Olivier"]
[Black "Briere, Jean"]
[Result "1-0"]
[WhiteElo "1767"]
[BlackElo "1237"]
[PlyCount "69"]

1. d4 d5 2. c4 e6 3. Nf3 Nc6 4. Bf4 Nf6 5. e3 Be7 6. Nc3 O-O 7. Rc1 Nh5 8. Bg3
dxc4 9. Bxc4 Bd6 10. Ne4 Bxg3 11. hxg3 Nf6 12. Bd3 h6 13. Bb1 Re8 14. Qd3 e5
15. Nxf6+ Qxf6 16. d5 e4 17. Qc3 Qxc3+ 18. Rxc3 exf3 19. dxc6 fxg2 20. Rg1 b6
21. Rxg2 Bg4 22. Bd3 Rad8 23. Be2 Bxe2 24. Kxe2 Rd6 25. Rg1 Red8 26. Rc2 Kf8
27. b4 b5 28. Ra1 a6 29. a4 Re8 30. axb5 axb5 31. Ra7 Rc8 32. Rc5 Rcd8 33. Rxc7
Rd2+ 34. Kf3 R2d7 35. cxd7 1-0

[Event "Tournoi francophone 017"]
[Site "Skype"]
[Date "????.??.??"]
[Round "1.2"]
[White "Porcabeuf, Jean-Marc"]
[Black "Ambrosino, Theo"]
[Result "0-1"]
[WhiteElo "1229"]
[BlackElo "1755"]
[PlyCount "44"]

1. e4 d5 2. exd5 Qxd5 3. Nc3 Qa5 4. Nf3 Nf6 5. a3 e6 6. b4 Bxb4 7. axb4 Qxa1 8.
d4 Qxc3+ 9. Nd2 Qxd4 10. Be2 Nd5 11. O-O Nc3 12. Qe1 Qxb4 13. Nf3 Nxe2+ 14.
Qxe2 Bd7 15. Bd2 Qe7 16. h3 Nc6 17. c3 O-O-O 18. Bg5 f6 19. Bd2 e5 20. c4 e4
21. Bc3 exf3 22. Qxe7 Nxe7 0-1

[Event "Tournoi francophone 017"]
[Site "Skype"]
[Date "????.??.??"]
[Round "1.3"]
[White "Elias, Roberto"]
[Black "Malbec, Robert"]
[Result "1-0"]
[WhiteElo "1671"]
[BlackElo "1223"]
[PlyCount "85"]

1. e4 e5 2. f4 exf4 3. Bc4 Be7 4. Qh5 g6 5. Qd5 Bh4+ 6. Kf1 Qe7 7. Nf3 Bf6 8.
e5 c6 9. Qxf7+ Qxf7 10. Bxf7+ Kxf7 11. exf6 Nxf6 12. d4 Nd5 13. c4 Ne3+ 14.
Bxe3 fxe3 15. Nc3 Re8 16. Ke2 d6 17. Rhf1 Bg4 18. h3 Bxf3+ 19. Rxf3+ Kg7 20.
Raf1 Re7 21. d5 Nd7 22. dxc6 bxc6 23. Rxe3 Rxe3+ 24. Kxe3 Nf6 25. Rd1 Re8+ 26.
Kf3 d5 27. cxd5 Nxd5 28. Nxd5 cxd5 29. Rxd5 Re7 30. g4 Kf7 31. b4 Kg7 32. a4
Rf7+ 33. Ke4 h6 34. b5 g5 35. a5 Rf4+ 36. Ke5 Rf3 37. Rd7+ Kg6 38. Rxa7 Rxh3
39. Ra6+ Kg7 40. b6 h5 41. b7 Rb3 42. Rb6 hxg4 43. Rxb3 1-0

[Event "Tournoi francophone 017"]
[Site "Skype"]
[Date "????.??.??"]
[Round "1.4"]
[White "Moumtaz, Abderrahim"]
[Black "Lambert, Pierre"]
[Result "0-1"]
[WhiteElo "1213"]
[BlackElo "1660"]
[PlyCount "78"]

1. d4 d5 2. Nf3 e6 3. c4 Nf6 4. Nc3 c6 5. cxd5 cxd5 6. Bg5 Be7 7. e3 O-O 8. Bd3
Nc6 9. O-O Bd7 10. Qc2 Nb4 11. Qd2 Nxd3 12. Qxd3 h6 13. Bh4 Rc8 14. Nb5 Qb6 15.
Nc3 Qxb2 16. Rfc1 Bb5 17. Rab1 Qxc1+ 18. Rxc1 Bxd3 19. Ne5 Ba6 20. f3 Ba3 21.
Rc2 Rc7 22. Be1 Bb4 23. Kf2 Rfc8 24. Bd2 Bxc3 25. Bxc3 Rxc3 26. Rxc3 Rxc3 27.
Ke1 Rc2 28. Kd1 Rxa2 29. g4 Kf8 30. h4 Ke7 31. g5 hxg5 32. hxg5 Nd7 33. f4 Nxe5
34. fxe5 g6 35. Ke1 Kd7 36. Kd1 Kc6 37. Ke1 Bc4 38. Kd1 Kb5 39. Ke1 Kb4 0-1

[Event "Tournoi francophone 017"]
[Site "Skype"]
[Date "????.??.??"]
[Round "1.5"]
[White "Rodier, Marc"]
[Black "Trivedi, Viral"]
[Result "1/2-1/2"]
[WhiteElo "1566"]
[BlackElo "1210"]
[PlyCount "38"]

1. e4 e6 2. d4 d5 3. Nc3 Nf6 4. e5 Nfd7 5. Qg4 c5 6. Nf3 cxd4 7. Qxd4 Nc6 8.
Qf4 Nb4 9. Bd3 Nxd3+ 10. cxd3 Nc5 11. Qe3 Bd7 12. d4 Na4 13. O-O Rc8 14. Nxa4
Bxa4 15. Bd2 Qb6 16. Bc3 Bb5 17. Rfc1 Be7 18. h3 Bd7 19. Nd2 O-O 1/2-1/2

[Event "Tournoi francophone 017"]
[Site "Skype"]
[Date "????.??.??"]
[Round "1.7"]
[White "Sahrane, Juba"]
[Black "Milanese, Serge"]
[Result "1-0"]
[WhiteElo "1514"]
[BlackElo "1202"]
[PlyCount "89"]

1. e4 e5 2. Nf3 Nc6 3. d4 exd4 4. Bc4 h6 5. c3 Nf6 6. cxd4 d5 7. exd5 Nxd5 8.
Qb3 Be6 9. Qxb7 Nb6 10. Qxc6+ Bd7 11. Qe4+ Qe7 12. Qxe7+ Bxe7 13. Bb3 O-O 14.
O-O Be6 15. Bxe6 fxe6 16. Re1 Rf6 17. Nc3 Bb4 18. a3 Bxc3 19. bxc3 Nd5 20. Bd2
c6 21. Re5 a5 22. Rae1 Nc7 23. Nh4 Raf8 24. f3 g5 25. Bxg5 hxg5 26. Rxg5+ Kf7
27. Rh5 Kg7 28. Ree5 Rg8 29. Reg5+ Kf8 30. Rxa5 Ke7 31. Ra7 Kd6 32. Rh7 Rc8 33.
c4 Rff8 34. c5+ Kd5 35. Rhxc7 Rxc7 36. Rxc7 Kxd4 37. Rxc6 Re8 38. a4 Kc4 39. a5
Kb5 40. Rb6+ Kxc5 41. Ng6 e5 42. Rb7 Ra8 43. Re7 Rxa5 44. Rxe5+ Kb4 45. Rxa5
1-0

[Event "Tournoi francophone 017"]
[Site "Skype"]
[Date "????.??.??"]
[Round "1.8"]
[White "Busto, Ricardo"]
[Black "Megelas, Florent"]
[Result "0-1"]
[WhiteElo "1198"]
[BlackElo "1496"]
[PlyCount "54"]

1. d4 c6 2. Nf3 d5 3. c4 Nf6 4. Bg5 g6 5. Nc3 Bg7 6. Bxf6 Bxf6 7. e4 dxe4 8.
Nxe4 Bg7 9. Be2 Nd7 10. O-O O-O 11. Rc1 Nf6 12. Nxf6+ Bxf6 13. b4 Bg4 14. Ne5
Bxe2 15. Qxe2 Qxd4 16. Rfd1 Qxe5 17. Qxe5 Bxe5 18. Rd7 Rab8 19. Rxe7 Bd6 20.
Re2 Bxb4 21. Rb1 Rfe8 22. Reb2 c5 23. a3 Re1+ 24. Rxe1 Bxe1 25. Re2 Bc3 26. Kf1
Kf8 27. f3 Bd4 0-1

[Event "Tournoi francophone 017"]
[Site "Skype"]
[Date "????.??.??"]
[Round "1.9"]
[White "Gadow, Martin"]
[Black "Colangelo, Michele"]
[Result "0-1"]
[WhiteElo "1485"]
[BlackElo "1189"]
[PlyCount "70"]

1. d4 d5 2. Nf3 Nc6 3. e3 a6 4. c4 e6 5. a3 Nf6 6. Nbd2 Be7 7. Bd3 O-O 8. O-O
Bd6 9. c5 Be7 10. b4 Na7 11. Qe2 Bd7 12. Ne5 Bb5 13. Bb2 Bxd3 14. Qxd3 Qe8 15.
a4 Nc6 16. Bc3 Nxe5 17. dxe5 Nd7 18. e4 c6 19. exd5 exd5 20. Qg3 Qd8 21. a5 Bh4
22. Qg4 Bg5 23. f4 Bh6 24. Nf3 g5 25. fxg5 Bg7 26. Rae1 Qc7 27. Nh4 Bxe5 28.
Nf5 Bxc3 29. Nh6+ Kh8 30. Nxf7+ Kg7 31. g6 h6 32. Re7 Rae8 33. Qh4 Rxe7 34.
Qxh6+ Kg8 35. Qh8+ Bxh8 0-1

[Event "Tournoi francophone 017"]
[Site "Skype"]
[Date "????.??.??"]
[Round "1.11"]
[White "Castellanos Gonzalez, Mariano"]
[Black "Yepez, German"]
[Result "0-1"]
[WhiteElo "1450"]
[BlackElo "1181"]
[PlyCount "60"]

1. e4 e5 2. Nf3 Nc6 3. Bb5 a6 4. Bxc6 dxc6 5. O-O Bd6 6. d4 exd4 7. Qxd4 Kf8 8.
e5 c5 9. Qd3 Be7 10. Qxd8+ Bxd8 11. Be3 b6 12. a4 a5 13. Rd1 Ba6 14. Nc3 c6 15.
Rd2 Bc7 16. Rad1 Re8 17. Rd7 Rc8 18. Ng5 Ne7 19. Nxf7 Kxf7 20. Bf4 Ke6 21. Bg5
Nd5 22. Rxg7 Nxc3 23. bxc3 Bxe5 24. Re7+ Kf5 25. Bh4 Bxc3 26. Rdd7 b5 27. axb5
cxb5 28. Ra7 Ra8 29. Rad7 a4 30. Rd4 Bxd4 0-1

[Event "Tournoi francophone 017"]
[Site "Skype"]
[Date "????.??.??"]
[Round "1.12"]
[White "De Coninck, Philippe"]
[Black "Hurtado De Mendoza, Ramon Miguel"]
[Result "1-0"]
[WhiteElo "1173"]
[BlackElo "1436"]
[PlyCount "35"]

1. e4 c5 2. Nf3 Nc6 3. d4 cxd4 4. Nxd4 Nf6 5. Nc3 e6 6. Be2 Bb4 7. Nxc6 bxc6 8.
Qd4 Qa5 9. Bd2 O-O 10. e5 Nd5 11. O-O Ba6 12. Bxa6 Qxa6 13. Nxd5 Bxd2 14. Ne7+
Kh8 15. Qxd2 Rab8 16. b3 Rb7 17. Qd6 g6 18. Nxg6+ 1-0

[Event "Tournoi francophone 017"]
[Site "Skype"]
[Date "????.??.??"]
[Round "1.13"]
[White "Gharbi, Said"]
[Black "De Fazio, Monica"]
[Result "0-1"]
[WhiteElo "1434"]
[BlackElo "1153"]
[PlyCount "43"]

1. e4 e6 2. d4 d5 3. e5 c5 4. c3 Nd7 5. Bb5 Ne7 6. Bg5 h6 7. Bh4 a6 8. Qa4 Rb8
9. Bxd7+ Bxd7 10. Qb3 c4 11. Qc2 b5 12. b3 Qb6 13. Nd2 b4 14. cxb4 Qxd4 15.
O-O-O Qxh4 16. g3 Qh5 17. f4 Nf5 18. Ngf3 Ne3 19. Qc3 Nxd1 20. Kxd1 Bxb4 21.
Qd4 Bxd2 22. Qxd2 0-1

[Event "Tournoi francophone 017"]
[Site "Skype"]
[Date "????.??.??"]
[Round "1.14"]
[White "Martin, Jean-Claude"]
[Black "Sequeda Pimiento, Javier Ricardo"]
[Result "0-1"]
[WhiteElo "1153"]
[BlackElo "1434"]
[PlyCount "72"]

1. d4 Nf6 2. c4 g6 3. Nc3 Bg7 4. e4 d6 5. Bd3 O-O 6. Nf3 Nbd7 7. O-O e6 8. Re1
c5 9. dxc5 Nxc5 10. Be3 Nxd3 11. Qxd3 e5 12. Bg5 Bg4 13. h3 Be6 14. b3 Rc8 15.
Rac1 h6 16. Bxf6 Bxf6 17. Nb5 Be7 18. Nxa7 Ra8 19. Nb5 Rxa2 20. Ra1 Ra6 21.
Rxa6 bxa6 22. Nc3 Qb6 23. Qc2 Rb8 24. Rb1 Bd8 25. Na4 Qb4 26. Nd2 Ba5 27. Qa2
Qxd2 28. Qxd2 Bxd2 29. Rd1 Bb4 30. Rd3 Kg7 31. Nb2 h5 32. h4 Bc5 33. Kf1 a5 34.
f3 Kf6 35. Na4 Bd4 36. Nc3 Rxb3 0-1

[Event "Tournoi francophone 017"]
[Site "Skype"]
[Date "????.??.??"]
[Round "1.15"]
[White "Couto, Januario"]
[Black "Ortis, Yves"]
[Result "1/2-1/2"]
[WhiteElo "1387"]
[BlackElo "1148"]
[PlyCount "57"]

1. c4 c5 2. Nc3 Nf6 3. g3 e5 4. Bg2 Nc6 5. d3 h6 6. e3 d6 7. Nge2 Bd7 8. O-O
Bf5 9. f4 h5 10. fxe5 Nxe5 11. Rxf5 Qd7 12. Rf1 h4 13. d4 Nxc4 14. dxc5 d5 15.
Nxd5 Bxc5 16. Nxf6+ gxf6 17. Qxd7+ Kxd7 18. Nd4 Rh5 19. Rd1 Ke7 20. Bxb7 Rah8
21. Nc6+ Kf8 22. Rd8+ Kg7 23. Rxh8 Rxh8 24. Nd4 Nd6 25. Bd2 Nxb7 26. Nf5+ Kg6
27. Nxh4+ Kg7 28. b4 Bb6 29. Kg2 1/2-1/2

[Event "Tournoi francophone 017"]
[Site "Skype"]
[Date "????.??.??"]
[Round "1.16"]
[White "Rivalta, Paolo"]
[Black "Castillo, David"]
[Result "0-1"]
[WhiteElo "1142"]
[BlackElo "1381"]
[PlyCount "83"]

1. e4 c5 2. Nf3 Nc6 3. Bc4 e6 4. O-O Nf6 5. Nc3 Nd4 6. e5 d5 7. Bd3 Nxf3+ 8.
Qxf3 Nd7 9. Bb5 a6 10. Bxd7+ Bxd7 11. d3 Bc6 12. Qg3 h6 13. h3 Rh7 14. a3 Be7
15. Bd2 Bg5 16. f4 Bh4 17. Qg4 h5 18. Qe2 f5 19. b4 Be7 20. Rab1 cxb4 21. axb4
Qb6+ 22. Kh2 d4 23. Na2 Bd5 24. c4 dxc3 25. Bxc3 Rc8 26. Be1 g6 27. Nc3 Bc6 28.
Bf2 Qd8 29. Bc5 b5 30. Bxe7 Rxe7 31. Qd2 Rec7 32. Rbc1 Bb7 33. Ne2 Qd5 34. Rf3
Rxc1 35. Nxc1 Qc4 36. Rg3 Kf7 37. Ne2 Qc2 38. Qxc2 Rxc2 39. Re3 h4 40. g4 hxg3+
41. Kg1 g2 42. Kh2 0-1

[Event "Tournoi francophone 017"]
[Site "Skype"]
[Date "????.??.??"]
[Round "1.17"]
[White "Vasquez Cienfuegos, Oscar"]
[Black "Vello, Pablo"]
[Result "1-0"]
[WhiteElo "1370"]
[BlackElo "1135"]
[PlyCount "63"]

1. e4 e6 2. Nf3 c5 3. d4 Nc6 4. d5 exd5 5. exd5 Qe7+ 6. Be2 Ne5 7. O-O Nxf3+ 8.
Bxf3 Qd6 9. Re1+ Be7 10. c4 Nf6 11. Qe2 h6 12. g3 g5 13. Nc3 a6 14. Bd2 b6 15.
Ne4 Nxe4 16. Qxe4 Bb7 17. Bc3 Rg8 18. Be5 Qg6 19. Qxg6 Rxg6 20. Bh5 Rg8 21. Bf6
O-O-O 22. Rxe7 Rde8 23. Rae1 Rxe7 24. Rxe7 b5 25. b3 a5 26. Bg4 bxc4 27. bxc4
Ba6 28. Bxd7+ Kb8 29. Bb5 Bxb5 30. cxb5 Rd8 31. b6 Rxd5 32. Be5+ 1-0

[Event "Tournoi francophone 017"]
[Site "Skype"]
[Date "????.??.??"]
[Round "1.18"]
[White "Rodriguez, Nathalie"]
[Black "Scata, Laura"]
[Result "1/2-1/2"]
[WhiteElo "1127"]
[BlackElo "1366"]
[PlyCount "66"]

1. d4 Nf6 2. Nf3 d5 3. Bf4 Bf5 4. Nc3 c6 5. e3 e6 6. Be2 Bd6 7. Bg3 Qc7 8. Qd2
Nbd7 9. Ne5 Bxe5 10. dxe5 Nxe5 11. O-O-O Nfd7 12. f4 Ng6 13. Qd4 f6 14. Rhf1
Qb6 15. e4 Qxd4 16. Rxd4 dxe4 17. Nxe4 Bxe4 18. Rxe4 Nc5 19. Re3 Rd8 20. f5 Nf8
21. fxe6 Ncxe6 22. Bc4 b5 23. Bb3 Kf7 24. Rfe1 Re8 25. Bd6 Kg6 26. Bxf8 Rhxf8
27. Bxe6 Kg5 28. Rg3+ Kh6 29. Re4 g5 30. Rh3+ Kg7 31. Kd2 f5 32. Bxf5 Rd8+ 33.
Ke3 Rxf5 1/2-1/2

[Event "Tournoi francophone 017"]
[Site "Skype"]
[Date "????.??.??"]
[Round "1.19"]
[White "Khabou, Taha"]
[Black "Abate, Luigi"]
[Result "1-0"]
[WhiteElo "1358"]
[BlackElo "1119"]
[PlyCount "57"]

1. d4 Nf6 2. Bf4 d6 3. Nf3 Nc6 4. e3 Bg4 5. c3 e5 6. dxe5 dxe5 7. Qxd8+ Rxd8 8.
Bg5 Be7 9. Nbd2 O-O 10. Be2 h6 11. Bh4 Rfe8 12. h3 Bh5 13. O-O Bxf3 14. Nxf3 e4
15. Nd4 a6 16. Nxc6 bxc6 17. Bxa6 Rd5 18. Rfd1 Nd7 19. Bg3 Bd6 20. Rxd5 cxd5
21. Bxd6 cxd6 22. Bb7 Re5 23. a4 Nc5 24. Bc6 f5 25. b4 Nd3 26. a5 f4 27. a6 f3
28. g3 Rg5 29. a7 1-0

[Event "Tournoi francophone 017"]
[Site "Skype"]
[Date "????.??.??"]
[Round "1.20"]
[White "Montilla Bejarano, Mey"]
[Black "Pouteau, Pascal"]
[Result "0-1"]
[WhiteElo "1116"]
[BlackElo "1349"]
[PlyCount "48"]

1. e4 c6 2. d4 d5 3. e5 Bf5 4. h3 Nd7 5. Bg5 Qb6 6. Qc1 Qxd4 7. Nf3 Qb6 8. Be3
c5 9. c3 e6 10. Nbd2 Ne7 11. b4 Qc7 12. bxc5 Nc6 13. Qa3 Ndxe5 14. Bb5 Nd7 15.
Nb3 a6 16. Qa4 Be7 17. Nfd4 Nxd4 18. cxd4 e5 19. Bxd7+ Bxd7 20. Qa5 Qc6 21.
dxe5 Qg6 22. O-O Bxh3 23. g3 h5 24. Rfd1 Qe4 0-1

[Event "Tournoi francophone 017"]
[Site "Skype"]
[Date "????.??.??"]
[Round "1.21"]
[White "Amato, Ludovica"]
[Black "Tolaro, Filippa"]
[Result "1-0"]
[WhiteElo "1346"]
[BlackElo "1114"]
[PlyCount "101"]

1. e4 c6 2. d4 d5 3. Nc3 dxe4 4. Nxe4 Nf6 5. Nc3 Bf5 6. Nf3 e6 7. a3 Bg4 8. Be2
Bd6 9. h3 Bxf3 10. Bxf3 Nbd7 11. O-O Qc7 12. Ne2 Nd5 13. c4 Nf4 14. Re1 Nxe2+
15. Qxe2 O-O-O 16. b4 a6 17. c5 Bf4 18. a4 Bxc1 19. Rexc1 Nf6 20. b5 Rxd4 21.
bxa6 bxa6 22. Qxa6+ Kd7 23. Rab1 Rb8 24. Rxb8 Qxb8 25. Qxc6+ Ke7 26. Qb5 Qxb5
27. axb5 Nd7 28. Kf1 Nxc5 29. Rxc5 Rb4 30. Ke2 Kd6 31. Rc6+ Kd7 32. b6 Kd8 33.
Ke3 e5 34. Bg4 g6 35. Rc8+ Ke7 36. Rc7+ Kf6 37. b7 Rb3+ 38. Ke4 Rb5 39. Bf3
Rb4+ 40. Kd3 Ke6 41. Rc8 Rd4+ 42. Kc3 Rd7 43. b8=Q Ke7 44. Rc7 Kd6 45. Rxd7+
Kxd7 46. Qb6 Ke7 47. Kc4 f6 48. Bd5 Kf8 49. Qc7 Ke8 50. Be6 Kf8 51. Qf7# 1-0

[Event "Tournoi francophone 017"]
[Site "Skype"]
[Date "????.??.??"]
[Round "1.22"]
[White "Guillaume, Mickael"]
[Black "Marino, Giuseppe"]
[Result "1-0"]
[WhiteElo "1106"]
[BlackElo "1339"]
[PlyCount "63"]

1. d4 d5 2. c4 c6 3. Nc3 Bf5 4. Bf4 e6 5. e3 Nf6 6. Bd3 Bxd3 7. Qxd3 Be7 8.
Nge2 Nbd7 9. O-O O-O 10. Ng3 Re8 11. e4 dxe4 12. Ncxe4 Nxe4 13. Nxe4 Nf6 14.
Rfe1 Bb4 15. Re2 Nxe4 16. Rxe4 Bc5 17. Be3 a6 18. b3 e5 19. d5 Bxe3 20. Rxe3
cxd5 21. cxd5 Rc8 22. d6 Re6 23. d7 Rc7 24. Rd1 Re7 25. Rh3 g6 26. Qe3 Rcxd7
27. Rxd7 Rxd7 28. g4 Rd3 29. Qxd3 Qxd3 30. Rxd3 f6 31. h4 Kf8 32. Rd7 1-0

[Event "Tournoi francophone 017"]
[Site "Skype"]
[Date "????.??.??"]
[Round "1.23"]
[White "Duthoit, Bernard"]
[Black "Ruiz Aguilera, Juan Jesus"]
[Result "1-0"]
[WhiteElo "1333"]
[BlackElo "1102"]
[PlyCount "63"]

1. e4 e5 2. Nf3 Nc6 3. d4 exd4 4. Nxd4 Nxd4 5. Qxd4 d6 6. Nc3 Qe7 7. Nd5 Qd8 8.
Bc4 Nf6 9. Nxf6+ Qxf6 10. Qxf6 gxf6 11. O-O Be6 12. Bb5+ c6 13. Ba4 O-O-O 14.
Bb3 Bg7 15. Be3 a6 16. f4 Rhf8 17. f5 Bxb3 18. axb3 Rfe8 19. Rf4 d5 20. Ra4 Rd7
21. Kf2 Rde7 22. Rg4 Bh6 23. Bxh6 Rxe4 24. Raxe4 Rxe4 25. Rxe4 dxe4 26. Ke3 Kd7
27. Kxe4 Ke7 28. g4 b5 29. b4 Kd6 30. Bf4+ Ke7 31. Kd4 Kd7 32. Kc5 1-0

[Event "Tournoi francophone 017"]
[Site "Skype"]
[Date "????.??.??"]
[Round "1.24"]
[White "Coude, Josue"]
[Black "Vincent, Andre"]
[Result "0-1"]
[WhiteElo "1099"]
[BlackElo "1332"]
[PlyCount "58"]

1. d4 Nf6 2. Bf4 d5 3. Nf3 e6 4. e3 c5 5. c3 Nbd7 6. Nbd2 Be7 7. Ne5 O-O 8. Bd3
Nb6 9. Qc2 g6 10. O-O Re8 11. Rfe1 Nh5 12. Bg3 Nxg3 13. hxg3 f5 14. f4 Nd7 15.
Nxd7 Bxd7 16. Kf2 Qb6 17. Rh1 Rac8 18. Qb3 c4 19. Qxb6 axb6 20. Bc2 Ra8 21. b3
Rec8 22. bxc4 dxc4 23. Nf3 Bf6 24. e4 Ra3 25. e5 Be7 26. Rhc1 Rca8 27. Bb1 Kg7
28. Nd2 b5 29. Rc2 h5 0-1

[Event "Tournoi francophone 017"]
[Site "Skype"]
[Date "????.??.??"]
[Round "1.25"]
[White "Le Brun, Yves"]
[Black "Dib, Catherine"]
[Result "1-0"]
[WhiteElo "1321"]
[BlackElo "1096"]
[PlyCount "73"]

1. d4 Nf6 2. Bf4 d6 3. e3 g6 4. Be2 Bg7 5. c3 O-O 6. Nd2 Nbd7 7. h4 e5 8. dxe5
dxe5 9. Bg3 b6 10. Bf3 Rb8 11. Nc4 e4 12. Be2 Bb7 13. h5 h6 14. hxg6 fxg6 15.
Ne5 Qe8 16. Bc4+ Kh7 17. Nxd7 Nxd7 18. Qc2 a6 19. Ne2 b5 20. Bb3 c5 21. Bxb8
Qxb8 22. a3 Qc7 23. Be6 Nf6 24. O-O-O Bc8 25. Nf4 Re8 26. Bxc8 Qxc8 27. Nh3 Qf5
28. Qe2 c4 29. Rdg1 Ng4 30. Nf4 Be5 31. g3 Rd8 32. f3 exf3 33. Qxf3 Bxf4 34.
gxf4 h5 35. Rxg4 Kg7 36. Rg5 Qd3 37. Rd1 1-0

[Event "Tournoi francophone 017"]
[Site "Skype"]
[Date "????.??.??"]
[Round "1.26"]
[White "Ibanez, Bittor"]
[Black "Codina, Teresa"]
[Result "1-0"]
[WhiteElo "1080"]
[BlackElo "1310"]
[PlyCount "83"]

1. e4 c5 2. Nf3 d6 3. d4 cxd4 4. Qxd4 Nc6 5. Bb5 Bd7 6. Bxc6 Bxc6 7. Nc3 Nf6 8.
e5 Nd7 9. Bf4 dxe5 10. Bxe5 Nxe5 11. Qxd8+ Rxd8 12. Nxe5 Bxg2 13. Rg1 Bh3 14.
Rd1 Rxd1+ 15. Kxd1 Bf5 16. Kc1 e6 17. Rd1 Bb4 18. a3 Bxc3 19. bxc3 O-O 20. Rd7
Be4 21. f3 Bd5 22. c4 Bc6 23. Nxc6 bxc6 24. Rxa7 c5 25. Rc7 Ra8 26. Kb2 h6 27.
Rxc5 Kf8 28. Kb3 Ra7 29. a4 Ke7 30. a5 Ra6 31. Kb4 g5 32. Kb5 Ra8 33. a6 Rb8+
34. Ka5 Kd6 35. Rb5 Ra8 36. Rb7 f5 37. Kb6 e5 38. c5+ Kd5 39. c6 e4 40. a7 exf3
41. Rd7+ Ke4 42. Kb7 1-0

[Event "Tournoi francophone 017"]
[Site "Skype"]
[Date "????.??.??"]
[Round "1.28"]
[White "Hampton, Irene"]
[Black "Hargez, Dany"]
[Result "0-1"]
[WhiteElo "1026"]
[BlackElo "1296"]
[PlyCount "108"]

1. d4 d5 2. Bf4 Nf6 3. e3 Bg4 4. Be2 Qd7 5. Nc3 e6 6. h3 Bh5 7. g4 Bg6 8. Bd3
Bb4 9. Qd2 Be4 10. Rh2 c5 11. f3 Bg6 12. O-O-O c4 13. Be2 Nc6 14. Kb1 a5 15. h4
O-O 16. Nh3 h6 17. h5 Bh7 18. Bg3 b5 19. Bh4 e5 20. g5 Nxh5 21. Rg1 Bf5 22.
gxh6 Bxh3 23. f4 e4 24. Bxh5 g6 25. Qf2 Qf5 26. Rg5 Qf6 27. Rxh3 Qh8 28. Qg3
Ne7 29. Re5 Qxh6 30. Bxe7 Bxe7 31. Rxe7 Ra6 32. f5 Rf6 33. Qg4 Qg7 34. Rg3 Rxf5
35. Bxg6 Qf6 36. Nd1 Rg5 37. Bxf7+ Rxf7 38. Re8+ Kg7 39. Qxg5+ Qxg5 40. Rxg5+
Kf6 41. Rge5 Kg6 42. R8e6+ Rf6 43. Rxf6+ Kxf6 44. Rxd5 Ke6 45. Re5+ Kd6 46.
Rxe4 Kd5 47. Rf4 b4 48. Nf2 c3 49. e4+ Kc4 50. d5 Kd4 51. d6 Ke5 52. d7 Kxf4
53. d8=Q Kf3 54. Qf6+ Ke2 0-1

[Event "Tournoi francophone 017"]
[Site "Skype"]
[Date "????.??.??"]
[Round "1.29"]
[White "Sauvaget, Joel"]
[Black "Lognos, Lina"]
[Result "0-1"]
[WhiteElo "1290"]
[BlackElo "1023"]
[PlyCount "64"]

1. d4 g6 2. e3 Bg7 3. c4 d6 4. Nf3 b6 5. Nc3 Bb7 6. Be2 Nf6 7. h3 a6 8. O-O e6
9. b3 O-O 10. Bb2 Nc6 11. a3 d5 12. cxd5 exd5 13. Rc1 Re8 14. Na4 h6 15. Re1 a5
16. Bb5 Re6 17. Rc2 Na7 18. Qe2 Nxb5 19. Qxb5 Ba6 20. Qc6 Rxc6 21. Rxc6 Bb5 22.
Rc2 Bxa4 23. bxa4 Ne8 24. Rec1 Rc8 25. Rc6 Rb8 26. Nh2 b5 27. axb5 Rxb5 28.
R1c2 Qb8 29. Bc1 Rb1 30. Ng4 Nd6 31. Rxc7 Nc4 32. Rd7 Qb3 0-1

[Event "Tournoi francophone 017"]
[Site "Skype"]
[Date "????.??.??"]
[Round "1.30"]
[White "Esformes, Jacques"]
[Black "Yepes Bermudez, Maribel"]
[Result "0-1"]
[WhiteElo "1015"]
[BlackElo "1287"]
[PlyCount "98"]

1. d4 d5 2. Bf4 Nf6 3. e3 Bf5 4. c4 e6 5. Nf3 c5 6. a3 Nc6 7. Nbd2 cxd4 8. exd4
a5 9. c5 Be7 10. Be2 O-O 11. O-O b6 12. Ne5 Nxe5 13. Bxe5 Nd7 14. Bg3 bxc5 15.
Nf3 cxd4 16. Nxd4 Bg6 17. Nc6 Qe8 18. Nxe7+ Qxe7 19. Rc1 Qf6 20. Qd2 Nb6 21.
Rfd1 Na4 22. Qd4 Qxd4 23. Rxd4 Nxb2 24. Bb5 Rac8 25. Bf4 h6 26. h3 Rfd8 27.
Rxc8 Rxc8 28. Kf1 Rc3 29. Rd2 Nd3 30. Rd1 Nxf4 31. g3 Nxh3 32. Kg2 Ng5 33. f4
Rc2+ 34. Kf1 Nf3 35. Be2 Nd2+ 36. Ke1 Nb3 37. Bd3 Rc3 38. Be2 Rxg3 39. Kf2 Rc3
40. Ke1 Bc2 41. Rd3 Bxd3 42. Bxd3 Rxd3 43. Ke2 Rd2+ 44. Ke1 Ra2 45. Kf1 Rxa3
46. Ke2 a4 47. Kd3 Nc5+ 48. Kc2 Rf3 49. Kb2 d4 0-1

[Event "Tournoi francophone 017"]
[Site "Skype"]
[Date "????.??.??"]
[Round "1.31"]
[White "Roman, Sylvian"]
[Black "Blanchard, Colette"]
[Result "0-1"]
[WhiteElo "1284"]
[BlackElo "1000"]
[PlyCount "74"]

1. e4 d6 2. d4 Nd7 3. Nf3 Ngf6 4. Nc3 e5 5. dxe5 dxe5 6. Bc4 h6 7. O-O Bc5 8.
h3 O-O 9. Re1 c6 10. Bb3 Qc7 11. Be3 Bxe3 12. Rxe3 Nc5 13. Qe2 Rd8 14. Rd1 Bd7
15. a3 Nh5 16. Qc4 Nxb3 17. Qxb3 Be6 18. Qb4 Rxd1+ 19. Nxd1 Nf4 20. Qc5 f6 21.
Qd6 Qxd6 22. Nc3 Qd7 23. Kh2 Bxh3 24. Ng1 Bxg2 25. Nce2 Nxe2 26. Rxe2 Bf1 27.
Re1 Bc4 28. Nf3 Rd8 29. Rg1 Qe8 30. Rg3 Rd1 31. Nh4 g5 32. Nf5 Qh5+ 33. Rh3 Qe2
34. Nxh6+ Kg7 35. Nf5+ Kf7 36. Rh7+ Kg8 37. Rg7+ Kh8 0-1

[Event "Tournoi francophone 017"]
[Site "Skype"]
[Date "????.??.??"]
[Round "1.32"]
[White "Cassano, Mariangela"]
[Black "Cengiz, Ali Ekber"]
[Result "0-1"]
[WhiteElo "1000"]
[BlackElo "1281"]
[PlyCount "66"]

1. e4 e5 2. Be2 Nf6 3. Nf3 Nxe4 4. Nxe5 Nf6 5. Nf3 Nc6 6. d4 d5 7. O-O Be7 8.
c3 O-O 9. Bf4 Nh5 10. Be3 Nf6 11. Nbd2 Bd6 12. Bd3 Ne7 13. g3 Nf5 14. Bxf5 Bxf5
15. Ng5 Qd7 16. Ndf3 Be7 17. Ne5 Qc8 18. Qd2 Ne4 19. Qe2 Bxg5 20. Bxg5 Nxg5 21.
h4 Ne4 22. f3 Nxg3 23. Qg2 Nxf1 24. Kxf1 Bh3 25. Kf2 Bxg2 26. Kxg2 Qd8 27. Ng4
Qxh4 28. Rh1 Qg5 29. f4 Qxg4+ 30. Kf2 Qxf4+ 31. Kg1 Rae8 32. Kg2 Re2+ 33. Kh3
Qf3+ 0-1

[Event "Tournoi francophone 017"]
[Site "Skype"]
[Date "????.??.??"]
[Round "1.33"]
[White "Prieto, Jairo Ovidio"]
[Black "Dida, Brahim"]
[Result "1-0"]
[WhiteElo "1277"]
[BlackElo "1000"]
[PlyCount "85"]

1. e4 e5 2. d4 exd4 3. Qxd4 Nc6 4. Qe3 Nf6 5. Nc3 d6 6. h3 Be7 7. Nf3 O-O 8.
Bc4 h6 9. O-O Nb4 10. Bb3 c5 11. a3 Nc6 12. Ne2 Be6 13. Bxe6 fxe6 14. b3 b5 15.
Bb2 a5 16. Nf4 Qd7 17. Rad1 e5 18. Ng6 Rfd8 19. Nfh4 Nh5 20. Nxe7+ Qxe7 21. Nf5
Qe6 22. Qf3 Nf6 23. Qg3 g5 24. Qd3 b4 25. a4 Nd4 26. Bxd4 cxd4 27. Nxh6+ Kf8
28. Nf5 Rac8 29. Rd2 d5 30. f3 Rc3 31. Qe2 dxe4 32. fxe4 d3 33. Rxd3 Rdc8 34.
Rxc3 Rxc3 35. Rf3 Qc6 36. Rxc3 Qxc3 37. Qd3 Qe1+ 38. Kh2 Nxe4 39. Qd8+ Kf7 40.
Qe7+ Kg6 41. Qxe5 Kh5 42. Ng3+ Kh4 43. Qh8# 1-0

[Event "Tournoi francophone 017"]
[Site "Skype"]
[Date "????.??.??"]
[Round "1.34"]
[White "Gagnon, Sindy"]
[Black "Bucherie, Volcy"]
[Result "0-1"]
[WhiteElo "1000"]
[BlackElo "1274"]
[PlyCount "86"]

1. e4 c6 2. c3 d5 3. d4 dxe4 4. Nd2 Bf5 5. Qe2 Nf6 6. b4 e6 7. Bb2 Bd6 8. Qe3
O-O 9. g3 Ng4 10. Qe2 Nd7 11. Bg2 Ndf6 12. f3 e3 13. Nc4 Be7 14. fxg4 Nxg4 15.
Qf1 Bg5 16. Nf3 Be4 17. Qe2 Nf2 18. Rg1 Nd3+ 19. Kd1 Nxb2+ 20. Nxb2 Qd5 21. Nc4
b5 22. Na5 a6 23. Rc1 Rac8 24. Bh3 Bxf3 25. Re1 Bxe2+ 26. Rxe2 Qh1+ 27. Kc2
Qe4+ 28. Kb2 Qd3 29. Bf1 f5 30. Rec2 Qe4 31. Bd3 Qf3 32. Nb3 f4 33. Be2 Qf2 34.
a3 fxg3 35. hxg3 Qxg3 36. c4 bxc4 37. Bxc4 Rf6 38. Bxa6 Rb8 39. Rxc6 Rf2+ 40.
Ka1 e2 41. Bc4 Bxc1 42. Nxc1 Qxa3+ 43. Ba2 e1=Q 0-1